[Event "Let's Play Chess!"]
[Site "http://www.queenalice.com/game.php?id=313994"]
[Date "2007.12.2"]
[Round "-"]
[White "muki"]
[Black "dnptrs"]
[Result "1-0"]
[WhiteElo "2204"]
[BlackElo "2065"]

1. d4 Nf6 2. c4 e6 3. Nf3 d5 4. g3 Bb4+ 5. Bd2 Qd6 6. Bg2 O-O 7. O-O Bxd2 8.
Qxd2 c6 9. Nc3 Nbd7 10. Qd3 a6 11. e4 dxe4 12. Nxe4 Nxe4 13. Qxe4 Rd8 14. Rfe1
Nf6 15. Qc2 Qc7 16. Rad1 Bd7 17. Ne5 Be8 18. Qc3 Rab8 19. Rd2 c5 20. d5 exd5 21.
cxd5 Qd6 22. Nc4 Qf8 23. Red1 Bd7 24. d6 Bg4 25. Bf3 Bxf3 26. Qxf3 Nd7 27. Na5
f6 28. Nxb7 Rdc8 29. Re1 Ne5 30. Qd5+ 1-0

[Event "AUTO-MASTER-426"]
[Site "http://www.queenalice.com/game.php?id=314157"]
[Date "2007.12.3"]
[Round "1"]
[White "valdiluis"]
[Black "muki"]
[Result "0-1"]
[WhiteElo "1863"]
[BlackElo "2244"]

1. d4 d5 2. Nc3 Nf6 3. Bg5 Nbd7 4. Nf3 h6 5. Bh4 e6 6. e4 g5 7. e5 gxh4 8. exf6
Qxf6 9. Bd3 Rg8 10. Qe2 Bb4 11. g3 c5 12. O-O Bxc3 13. bxc3 c4 14. Bxc4 dxc4 15.
Ne5 Nxe5 16. dxe5 Qf5 17. Qxc4 Bd7 18. Rab1 Bc6 19. Qe2 Qh3 20. f3 hxg3 21. Rb4
gxh2+ 22. Kh1 Rg1+ 23. Rxg1 Bxf3+ 24. Qxf3 hxg1=Q+ 0-1

[Event "AUTO-MASTER-426"]
[Site "http://www.queenalice.com/game.php?id=314158"]
[Date "2007.12.3"]
[Round "1"]
[White "muki"]
[Black "valdiluis"]
[Result "1-0"]
[WhiteElo "2245"]
[BlackElo "1861"]

1. d4 e5 2. dxe5 d6 3. Nf3 Bg4 4. exd6 Bxd6 5. h3 Bxf3 6. exf3 Qe7+ 7. Be3 Nc6
8. Bd3 O-O-O 9. O-O Nf6 10. Nc3 Rhe8 11. Re1 Qd7 12. a3 a6 13. f4 Kb8 14. Qf3 h6
15. Bc4 g5 16. fxg5 hxg5 17. Qxf6 Be5 18. Qxf7 Qxf7 19. Bxf7 Bxc3 20. Bxe8 Bxe1
21. Bxc6 Bxf2+ 22. Kxf2 bxc6 23. Bxg5 Rd5 24. h4 Rf5+ 25. Ke3 c5 26. Ke4 1-0

[Event "AUTO-MASTER-426"]
[Site "http://www.queenalice.com/game.php?id=314171"]
[Date "2007.12.3"]
[Round "1"]
[White "muki"]
[Black "dnptrs"]
[Result "1-0"]
[WhiteElo "2225"]
[BlackElo "2064"]

1. d4 Nf6 2. c4 e6 3. Nf3 d5 4. g3 Be7 5. Bg2 O-O 6. O-O c6 7. Qc2 Nbd7 8. b3 b5
9. c5 Ne8 10. Nc3 f6 11. e4 Rf7 12. Re1 f5 13. exd5 exd5 14. h4 b4 15. Na4 Nc7
16. Bf4 Nb5 17. Qd2 a5 18. Re3 Ra6 19. Rae1 Nf6 20. Ng5 Ne4 21. Nxf7 Kxf7 22.
Qd3 Ra7 23. f3 Nf6 24. Nb6 Ba6 25. Re6 Ne4 26. Rxc6 Bxh4 27. fxe4 dxe4 28. Qc4+
Kf8 29. Qe6 1-0

[Event "AUTO-MASTER-426"]
[Site "http://www.queenalice.com/game.php?id=314172"]
[Date "2007.12.3"]
[Round "1"]
[White "dnptrs"]
[Black "muki"]
[Result "1/2-1/2"]
[WhiteElo "2054"]
[BlackElo "2240"]

1. d4 d5 2. Nf3 Nc6 3. e3 Bg4 4. Be2 e6 5. c4 Nf6 6. O-O dxc4 7. Qa4 Qd7 8. Nbd2
a6 9. Bxc4 Bd6 10. Bb5 Bxf3 11. Nxf3 O-O-O 12. Bxc6 Qxc6 13. Qxc6 bxc6 14. b3
Kb7 15. Bb2 Nd5 16. Rfc1 h6 17. Rc2 a5 18. a3 f5 19. Rac1 Ne7 20. Nd2 Ra8 21. e4
Bf4 22. Re1 Bxd2 23. Rxd2 Ra6 24. exf5 Nxf5 25. Rxe6 Rb6 26. d5 Rxb3 27. dxc6+
Kb6 28. g4 Nh4 29. Kf1 Nf3 30. Rc2 Rd8 31. Ke2 1/2-1/2

[Event "AUTO-MASTER-426"]
[Site "http://www.queenalice.com/game.php?id=314173"]
[Date "2007.12.3"]
[Round "1"]
[White "muki"]
[Black "enzoiazo"]
[Result "1-0"]
[WhiteElo "2144"]
[BlackElo "2074"]

1. d4 Nf6 2. c4 c5 3. d5 e6 4. Nc3 exd5 5. cxd5 d6 6. g3 g6 7. Bg2 Bg7 8. Nf3
O-O 9. O-O Na6 10. Nd2 Nc7 11. Nc4 b5 12. Nxd6 Qxd6 13. Bf4 Qb6 14. d6 Rd8 15.
dxc7 Rxd1 16. Raxd1 Bb7 17. Bxb7 Qxb7 18. Rd8+ Bf8 19. Nxb5 Nd5 20. Rb8 Qc6 21.
Nxa7 Qxc7 22. Bxc7 Nxc7 23. Rxa8 Nxa8 24. a4 1-0

[Event "AUTO-MASTER-426"]
[Site "http://www.queenalice.com/game.php?id=314174"]
[Date "2007.12.3"]
[Round "1"]
[White "enzoiazo"]
[Black "muki"]
[Result "0-1"]
[WhiteElo "2061"]
[BlackElo "2154"]

1. d4 d5 2. Nf3 Nf6 3. e3 Bf5 4. Bd3 e6 5. Bxf5 exf5 6. Qd3 Qc8 7. O-O Bd6 8.
Nbd2 O-O 9. c4 c6 10. b3 g6 11. Bb2 Qe6 12. Ne5 Na6 13. a3 Ne4 14. f3 Bxe5 15.
dxe5 Nac5 16. Qc2 Nxd2 17. Qxd2 Nxb3 18. Qb4 Nxa1 19. Bxa1 dxc4 20. Qxb7 Rfb8
21. Qa6 Qd5 22. h3 Rb3 23. Re1 Qd2 24. Rf1 Qxe3+ 25. Kh1 Qc5 26. Rd1 Qb5 27.
Qxb5 cxb5 0-1

[Event "AUTO-MASTER-428"]
[Site "http://www.queenalice.com/game.php?id=316417"]
[Date "2007.12.7"]
[Round "1"]
[White "aormic"]
[Black "muki"]
[Result "1/2-1/2"]
[WhiteElo "2194"]
[BlackElo "2267"]

1. Nf3 d5 2. g3 Nf6 3. Bg2 c6 4. O-O Bg4 5. d3 Nbd7 6. Nbd2 e5 7. e4 dxe4 8.
dxe4 Bc5 9. h3 Bxf3 10. Bxf3 O-O 11. Nc4 Qe7 12. Qe2 Rfd8 13. a4 Qe6 14. Kg2 Nb6
1/2-1/2

[Event "AUTO-MASTER-428"]
[Site "http://www.queenalice.com/game.php?id=316418"]
[Date "2007.12.7"]
[Round "1"]
[White "muki"]
[Black "aormic"]
[Result "0-1"]
[WhiteElo "2276"]
[BlackElo "2187"]

1. d4 Nf6 2. c4 e6 3. g3 d5 4. Nf3 Be7 5. Bg2 O-O 6. O-O c6 7. Qc2 Nbd7 8. b3 b6
9. Rd1 Bb7 10. Nc3 Rc8 11. e4 dxe4 12. Nxe4 c5 13. Nxf6+ Bxf6 14. Ng5 Bxg5 15.
Bxb7 Rc7 16. Be4 Bxc1 17. Raxc1 g6 18. dxc5 bxc5 19. Rd2 Qe7 20. Rcd1 Nf6 21.
Bf3 Rd7 22. Rxd7 Nxd7 23. Qd2 Nf6 24. g4 Rc8 25. g5 Ne8 26. h4 Ng7 27. Qd7 Rc7
28. Qd8+ Ne8 29. Qa8 Rd7 30. Rxd7 Qxd7 31. Bc6 Qd1+ 32. Kh2 Qg4 33. Qxe8+ Kg7
34. Qd8 Qxh4+ 35. Kg2 Qg4+ 36. Kf1 h5 37. Qf6+ Kg8 38. Qd8+ Kg7 39. Be8 Qh3+ 40.
Ke1 Qh1+ 41. Kd2 Qf3 42. Ke1 Qh1+ 0-1

[Event "AUTO-MASTER-428"]
[Site "http://www.queenalice.com/game.php?id=316433"]
[Date "2007.12.7"]
[Round "1"]
[White "enzoiazo"]
[Black "muki"]
[Result "0-1"]
[WhiteElo "2065"]
[BlackElo "2188"]

1. d4 Nf6 2. Nf3 d5 3. Bf4 c5 4. e3 Nc6 5. Nbd2 cxd4 6. exd4 Qb6 7. Nb3 Bf5 8.
c3 e6 9. Bd3 Bxd3 10. Qxd3 Be7 11. O-O O-O 12. Ne5 a5 13. Rab1 a4 14. Nd2 Nxe5
15. Bxe5 Qa6 16. Qg3 Qe2 17. Rbd1 h6 18. Rfe1 Qb5 19. Rb1 Rfc8 20. Re3 Ra5 21.
a3 Qb6 22. Rf3 Kf8 23. Qf4 Rb5 24. Nf1 Rxb2 25. Rxb2 Qxb2 26. Bd6 Rxc3 27. Rxc3
Qxc3 28. Bxe7+ Kxe7 29. Qb8 Qxa3 30. Qxb7+ Nd7 31. g3 Qc3 32. Qa7 a3 33. Kg2 Qb2
34. Ne3 a2 0-1

[Event "AUTO-MASTER-428"]
[Site "http://www.queenalice.com/game.php?id=316434"]
[Date "2007.12.7"]
[Round "1"]
[White "muki"]
[Black "enzoiazo"]
[Result "1-0"]
[WhiteElo "2179"]
[BlackElo "2072"]

1. d4 Nf6 2. c4 c5 3. d5 e6 4. Nc3 exd5 5. cxd5 d6 6. g3 a6 7. a4 g6 8. Bg2 Bg7
9. Nf3 O-O 10. O-O Nbd7 11. Nd2 Qe7 12. Nc4 Ne5 13. Nb6 Rb8 14. f4 Ned7 15. Nc4
Ng4 16. Ne4 f5 17. Nexd6 b5 18. axb5 axb5 19. Nxc8 Rfxc8 20. d6 Qf6 21. h3 bxc4
22. hxg4 Qd4+ 23. e3 Qxd1 24. Rxd1 fxg4 25. Bd5+ Kf8 26. Ra7 Nb6 27. Be6 Rd8 28.
f5 g5 29. f6 1-0

[Event "AUTO-MASTER-428"]
[Site "http://www.queenalice.com/game.php?id=316445"]
[Date "2007.12.7"]
[Round "1"]
[White "muki"]
[Black "carlosfed"]
[Result "1-0"]
[WhiteElo "2232"]
[BlackElo "1871"]

1. d4 d5 2. c4 dxc4 3. Nf3 b5 4. e3 e6 5. a4 c6 6. axb5 cxb5 7. b3 Qd5 8. bxc4
Bb4+ 9. Bd2 Bxd2+ 10. Nbxd2 bxc4 11. Bxc4 Qd8 12. Ne5 Nf6 13. Qf3 Bb7 14. Qxb7
Nbd7 15. Bb5 Rb8 16. Bxd7+ Nxd7 17. Qxd7+ Qxd7 18. Nxd7 Kxd7 19. Rxa7+ Kd6 20.
Ke2 Rhf8 21. Rc1 Rb6 22. Ne4+ Kd5 23. Rc5+ 1-0

[Event "AUTO-MASTER-428"]
[Site "http://www.queenalice.com/game.php?id=316446"]
[Date "2007.12.7"]
[Round "1"]
[White "carlosfed"]
[Black "muki"]
[Result "0-1"]
[WhiteElo "1873"]
[BlackElo "2212"]

1. e4 c5 2. Bc4 g6 3. Qf3 e6 4. Ne2 Bg7 5. a3 Nc6 6. Nbc3 Nge7 7. d3 O-O 8. Ba2
f5 9. Qh3 Nd4 10. Nxd4 cxd4 11. Ne2 fxe4 12. Bh6 e3 13. fxe3 Bxh6 14. Qxh6 Nf5
15. Qh3 Nxe3 16. Kd2 Qg5 17. Nxd4 Nf5+ 18. Kc3 Nxd4 19. Kxd4 Rf4+ 20. Kc3 Qc5+
21. Kd2 Rf2+ 22. Ke1 Qxc2 23. Qe3 Qxb2 24. Qxf2 Qxa1+ 0-1

[Event "Challenge"]
[Site "http://www.queenalice.com/game.php?id=316627"]
[Date "2007.12.7"]
[Round "-"]
[White "muki"]
[Black "enzoiazo"]
[Result "1-0"]
[WhiteElo "2163"]
[BlackElo "2053"]

1. d4 Nf6 2. Nc3 d6 3. Bg5 Nbd7 4. e3 c6 5. Nf3 Qa5 6. Bd3 e5 7. O-O Be7 8. Qd2
O-O 9. Rfe1 Qc7 10. h3 a6 11. a4 d5 12. e4 dxe4 13. Nxe4 Nxe4 14. Rxe4 Bxg5 15.
Qxg5 f6 16. Bc4+ Kh8 17. Qg6 hxg6 18. Rh4# 1-0

[Event "Let's Play Chess!"]
[Site "http://www.queenalice.com/game.php?id=319235"]
[Date "2007.12.14"]
[Round "-"]
[White "muki"]
[Black "Stulzer"]
[Result "1/2-1/2"]
[WhiteElo "2244"]
[BlackElo "2250"]

1. d4 d6 2. Nf3 Nf6 3. c4 c6 4. Nc3 Bg4 5. e4 Nbd7 6. Be2 e5 7. O-O Be7 8. Be3
O-O 9. a3 Re8 10. h3 Bh5 11. b4 Qc7 12. d5 Bg6 13. Bd3 cxd5 14. Nxd5 Nxd5 15.
cxd5 Nf6 16. Qb1 h6 17. Rc1 Qd7 18. Ra2 Bd8 19. a4 Bb6 20. Bd2 a6 21. a5 1/2-1/2

[Event "Challenge"]
[Site "http://www.queenalice.com/game.php?id=319398"]
[Date "2007.12.13"]
[Round "-"]
[White "muki"]
[Black "enzoiazo"]
[Result "1-0"]
[WhiteElo "2233"]
[BlackElo "2073"]

1. d4 Nf6 2. Nf3 c5 3. c3 d5 4. e3 Nc6 5. Nbd2 Bf5 6. dxc5 e5 7. b4 e4 8. Nd4
Nxd4 9. cxd4 Be7 10. Bb5+ Bd7 11. a4 O-O 12. Bxd7 Qxd7 13. O-O Ng4 14. h3 Nh6
15. f3 Bg5 16. Re1 f5 17. Qb3 Rae8 18. b5 Rf6 19. a5 Rfe6 20. a6 bxa6 21. c6 Qd8
22. Rxa6 Bh4 23. Rf1 g5 24. fxe4 fxe4 25. Rxa7 g4 26. Rd7 Qg5 27. Nxe4 Rxe4 28.
Rxd5 1-0

[Event "Challenge"]
[Site "http://www.queenalice.com/game.php?id=319399"]
[Date "2007.12.13"]
[Round "-"]
[White "enzoiazo"]
[Black "muki"]
[Result "0-1"]
[WhiteElo "2076"]
[BlackElo "2217"]

1. d4 g6 2. Nf3 Bg7 3. g3 c5 4. d5 e6 5. c4 exd5 6. cxd5 d6 7. Bg2 Nf6 8. Nc3
O-O 9. O-O a6 10. a4 Nbd7 11. Nd2 Re8 12. h3 Rb8 13. Nc4 Ne5 14. Nxe5 Rxe5 15.
Bf4 Re8 16. g4 b5 17. axb5 axb5 18. Re1 b4 19. Na4 Bd7 20. b3 Ne4 21. Ra2 Bxa4
0-1

[Event "Kasparov-Kapablanca"]
[Site "http://www.queenalice.com/game.php?id=322542"]
[Date "2007.12.19"]
[Round "-"]
[White "Miguelname"]
[Black "muki"]
[Result "1/2-1/2"]
[WhiteElo "2279"]
[BlackElo "2243"]

1. e4 e5 2. Nf3 Nf6 3. d4 Nxe4 4. Bd3 d5 5. Nxe5 Nd7 6. Nxd7 Bxd7 7. O-O Bd6 8.
c4 c6 9. cxd5 cxd5 10. Qh5 O-O 11. Qxd5 Bc6 12. Qh5 g6 13. Qh3 Ng5 14. Qg4 Ne6
15. Bh6 Re8 16. Nc3 Bf4 17. Bxf4 Qxd4 18. Be4 Nxf4 19. Qxf4 Bxe4 20. Rae1 f5 21.
Re3 Rad8 22. Rfe1 Rf8 1/2-1/2

[Event "Challenge"]
[Site "http://www.queenalice.com/game.php?id=330844"]
[Date "2008.1.4"]
[Round "-"]
[White "Natacha"]
[Black "muki"]
[Result "0-1"]
[WhiteElo "1998"]
[BlackElo "2272"]

1. Nc3 c5 2. e4 Nc6 3. Nf3 g6 4. d4 cxd4 5. Nxd4 Bg7 6. Be3 Nf6 7. Nxc6 bxc6 8.
e5 Nd5 9. Nxd5 cxd5 10. Qxd5 Rb8 11. Bxa7 Rxb2 12. Bd4 Rxc2 13. Bd3 Rc6 14. O-O
Ba6 15. Bxa6 Rxa6 16. Qb5 Ra5 17. Qb4 Rd5 18. f4 O-O 19. a4 d6 20. a5 Qa8 0-1